• 首页
  • 本馆介绍
  • 公告通知
  • 最新文献
  • 馆藏检索
  • 电子资源
  • 读者荐购
  • 参考咨询
  • CALIS
  • 我的图书馆
  • 登录
  • 详细信息显示
  • 放入我的书架
  • 预约/预借图书
  • 作者相关作品
  • 分类相关作品
  • 丛书相关作品
  • 出版社相关作品

书目信息

  • 表格格式
  • 工作单格式
  • 卡片格式
书名: The september 11 syndrome
作者: Harriet B.Braiker.Ph.D.
分册号:
分册名:
出版地: New York
 
出版社: Mcgraw-hill
出版时间: 2002
页数: 162p
开本: 24cm
丛书名:
中图分类号:
科图分类号:
其他分类号: I712.4
主题词:
电子资源:
 
 
 
 
 
000 00400nam0 2200145 450
001 202012200260
005 20121126091717.0
008 20010101s
020    @a978-0-07-140077-0@c$12.95
099    @dI712.4@eH297
245 10 @aThe september 11 syndrome@cHarriet B.Braiker.Ph.D.
260 0  @aNew York@bMcgraw-hill@c2002
300    @a162p@c24cm
905    @b12462
905    @aTSG@dI712.4@eH297
    
    The september 11 syndrome / Harriet B.Braiker.Ph.D.-New York : Mcgraw-hill , 2002
    162p ; 24cm
    
    
    ISBN 978-0-07-140077-0$12.95
    
●
相关链接 在E读中查询图书 在当当中查询图书 在豆瓣中查询图书


正题名:The september 11 syndrome     索取号:I712.4/H297         预约/预借

序号 登录号 条形码 馆藏地/架位号 状态 备注
1 12462   300124620   文学库116/400A自科库 18排3列5层/ [索取号:I712.4/H297] 在馆    
河南城建学院图书馆 欢迎您!
大连网信软件有限公司© 版权所有